| 000 | 00989nam a2200253Ia 4500 | ||
|---|---|---|---|
| 003 | GCL | ||
| 008 | 140319s9999 xx 000 0 ara d | ||
| 040 |
_aGCL / _cGCL |
||
| 082 | 0 | 4 |
_a371.26 _bا ا |
| 100 | 1 | _aافنان نظير دروزة | |
| 245 | 1 | 0 |
_aالاسئلة التعليمية والتقييم المدرسى / _cافنان نظير دروزة |
| 250 | _aالاولى | ||
| 260 |
_aالاردن : _bدار الشروق للنشر والتوزيع ، _c2005 |
||
| 300 |
_a300 ص ؛ _c24 سم |
||
| 650 | 0 | 4 | _aالاختبارات والقياسات التعليمية |
| 650 | 0 | 4 | _aالتعليم - اغراضه واهدافه |
| 650 | 0 | 4 | _aالتعليم - طرق تدريس |
| 650 | 0 | 4 | _aالمدارس - اختبارات |
| 650 | 0 | 4 | _aالتعليم - ادارة الجودة الشاملة |
| 650 | 0 | 4 | _aالتعليم - ضبط الجودة |
| 650 | 0 | 4 | _aالتعليم - اسئلة واجوبة |
| 650 | 0 | 4 | _aالتعليم - تقييم |
| 942 |
_2ddc _cBK |
||
| 999 |
_c10142 _d10142 |
||